000
00467nam a2200145Ia 4500
008
100204s9999 xx 000 0 und d
082
_b
11934
100
_a
भावे पुरुषोत्तम भास्कर
245
_a
अकुलिना
260
_b
"रावजी प्रकाशन , डोंबिवली"
_c
1989 4
300
_a
160
630
_a
अकुलिना
730
_a
अकुलिना
942
_c
BOOK
999
_c
456370
_d
456367